Countries with Most Deaths from Skin Cancer - Statistics

General Stats
  • This quiz has been taken 104 times
  • The average score is 11 of 25
Answer Stats
Rank Rate Answer % Correct
2 5.63 Australia
87%
1 6.60 New Zealand
80%
9 3.72 South Africa
72%
18 3.24 Sweden
63%
12 3.56 Denmark
62%
4 4.36 Norway
62%
20 3.21 Poland
53%
22 3.10 Netherlands
52%
17 3.36 Ireland
50%
25 3.01 Estonia
48%
21 3.17 Latvia
48%
8 3.87 Croatia
45%
24 3.08 Hungary
44%
23 3.09 Czech Republic
43%
13 3.45 Israel
43%
7 3.92 Slovenia
43%
10 3.65 Slovakia
40%
16 3.40 Serbia
39%
15 3.42 North Macedonia
38%
14 3.42 Papua New Guinea
31%
5 4.33 Lesotho
22%
11 3.58 Vanuatu
22%
6 4.25 Botswana
20%
3 5.12 Eswatini
20%
19 3.22 Brunei
13%
No matching quizzes found
Score Distribution
Percent of People with Each Score
Percentile by Number Answered
Your Score History
You have not taken this quiz